ბათუმის შოთა რუსთაველის სახელმწიფო უნივერსიტეტის ბიბლიოთეკა

MICROSOFT EXCEL 2000 დამწყებთათვის / (ბიბ.ჩანაწერი № 39202)

000 -ლიდერი
ფიქსირებული სიგრძის საკონტროლო ველი 01346nam a2200277Ia 4500
001 - საკონტროლო ნომერი
საკონტროლო ველი 5788
003 - საკონტროლო ნომრის იდენტიფიკატორი
საკონტროლო ველი GE_BSU
005 - ბოლო ოპერაციის თარიღი და დრო
საკონტროლო ველი 20190514191653.0
008 - ფიქსირებული სიგრძის მონაცემთა ელემენტები - ზოგადი ინფორმაცია
ფიქსირებული სიგრძის საკონტროლო ველი 181216s ||||ge |||||||||||||| ||geo||
020 ## - წიგნის საერთაშორისო სტანდარტული ნომერი
International Standard Book Number 9992861150
040 ## - კატალოგიზაციის წყარო
Transcribing agency GE_BSU
041 ## - ენის კოდი
Language code of text/sound track or separate title geo
080 ## - უნივერსალური ათობითი კლასიფიკაციის ინდექსი
Universal Decimal Classification number 004.42 მ–65
245 ## - ცნობა სათაურის შესახებ
Title MICROSOFT EXCEL 2000 დამწყებთათვის /
Statement of responsibility, etc ტექსტი: რებეკა ჯიპლინი ; თარგმანი: ნონა ივანიშვილი ; რედ.: გოგა დარასელია ; ილ.: ემა დობი.
264 ## - წარმოების, გამოცემის, დისტრიბუციის და სხვა ცნობები
გამოცემის, წარმოების, დისტრიბუციის... ადგილი თბილისი :
გამოცემის, წარმოების, დისტრიბუციის... სახელწოდება ელფი,
გამოცემის, წარმოების, დისტრიბუციის... თარიღი 2005.
300 ## - ფიზიკური აღწერა
Extent 64 გვ.;
Other physical details ილ ;
Dimensions 19 სმ
653 ## - INDEX TERM--UNCONTROLLED
Uncontrolled term MICROSOFT EXCEL
653 ## - INDEX TERM--UNCONTROLLED
Uncontrolled term ინფორმატიკა
653 ## - INDEX TERM--UNCONTROLLED
Uncontrolled term კომპიუტერული პროგრამები.
653 ## - INDEX TERM--UNCONTROLLED
Uncontrolled term საინფორმაციო ტექნოლოგიები
700 ## - ADDED ENTRY--PERSONAL NAME
Personal name ჯიპლინი, რებეკა
Relator term ტექსტის ავტორი
9 (RLIN) 1145
700 ## - ADDED ENTRY--PERSONAL NAME
Personal name ივანიშვილი, ნონა
Relator term თარგმანი
9 (RLIN) 1146
700 ## - ADDED ENTRY--PERSONAL NAME
Personal name დარასელია, გოგა
Relator term რედაქტორი
9 (RLIN) 1147
700 ## - ADDED ENTRY--PERSONAL NAME
Personal name დობი, ემა
Relator term ილუსტრატორი
9 (RLIN) 1148
942 ## - ADDED ENTRY ELEMENTS (KOHA)
Koha item type წიგნი
Source of classification or shelving scheme
ეგზემპლარები
ჩამოწერის სტატუსი დაკარგული ეგზემპლარის სტატუსი კლასიფიკაციის წყარო ან თაროზე გაწყობის სქემა დაზიანების სტატუსი არ გაიცემა მუდმივი მდებარეობა (დაცვის ადგილი) ამჟამინდელი ადგილსამყოფელი თაროზე განთავსების ადგილი შეძენის თარიღი ღირებულება, შესყიდვის ნორმალური ფასი სრული შენახვის შიფრი შტრიხკოდი ბოლო ოპერაციის თარიღი ეგზემპლარის მიმდევრობითი ნომერი (კეტერი?) ფასის ძალაში შესვლის თარიღი ეგზემპლარის სახეობა საჯარო შენიშვნა
          ტექნოლოგიური ფაკულტეტის ბიბლიოთეკა ტექნოლოგიური ფაკულტეტის ბიბლიოთეკა წიგნსაცავი 2018-12-17 9.00 004.42 მ–65 8458 2018-12-17 8458 2018-12-17 წიგნი 9 ლ.